| 000 | 00571nam a22001937a 4500 | ||
|---|---|---|---|
| 999 |
_c165366 _d165366 |
||
| 005 | 20210720164713.0 | ||
| 010 | _aENG-125606 ENG-129603 | ||
| 020 |
_a8170993113 _c900.00 |
||
| 035 | _aEN-109138 | ||
| 035 | _aEN-113135 | ||
| 037 | _bDBAD/PUB | ||
| 082 | _a934.01 | ||
| 100 | _aReddy, V Rami | ||
| 245 |
_aNeotithic and post -neotithic cultures/ _cby V. Rami Reddy |
||
| 260 |
_aTirupati _bV.Indira _c2018 |
||
| 270 |
_a8-30,Vidyanagar, _bSvunt colony, Tirupati _e517502 |
||
| 300 |
_a167p. _c24cm(pbk) _bill. |
||
| 942 |
_2ddc _cEN _h934.01 _mRED |
||